[Event "Titled Tue 27th May Early"]
[Site "chess.com INT"]
[Date "2025.05.27"]
[Round "4"]
[White "Toncheva, Nadya"]
[Black "Logachiov, Aleksandr"]
[Result "1-0"]
[WhiteTitle "FM"]
[BlackTitle "CM"]
[WhiteElo "2332"]
[BlackElo "2129"]
[WhiteFideId "2924056"]
[BlackFideId "24123706"]
[EventDate "2025.05.27"]

1. d4 Nf6 2. g3 g6 3. Nf3 Bg7 4. Bg2 O-O 5. O-O d6 6. c4 c5 7. Re1 a6 8. dxc5
dxc5 9. Nc3 Nc6 10. Be3 Be6 11. Qa4 Nd4 12. Bxd4 cxd4 13. Rad1 Ne8 14. Nxd4 Bxd4
15. e3 Qc7 16. Rxd4 Nd6 17. Nd5 Bxd5 18. Bxd5 Rac8 19. Qb3 e6 20. Bg2 Nxc4 21.
Rc1 b5 22. a4 Qa5 23. Qc3 Qxc3 24. bxc3 bxa4 25. Ra1 Nb6 26. Rd6 Nc4 27. Rxa6
Ne5 28. Rc1 Rc4 29. Bf1 Rc5 30. Rxa4 Rfc8 31. c4 Kg7 32. Be2 Kf6 33. Ra2 Nd7 34.
Rd2 Nb6 35. Rb2 Na4 36. Rb4 Ra5 37. Ra1 Rca8 38. Bf3 R8a7 39. Rb5 Rxb5 40. cxb5
Ra5 41. b6 Ra6 42. b7 Nc5 43. b8=Q Rxa1+ 44. Kg2 Ra4 45. Qd8+ Ke5 46. Qc7+ Kf6
47. Qxc5 1-0

[Event "Titled Tue 27th May Early"]
[Site "chess.com INT"]
[Date "2025.05.27"]
[Round "4"]
[White "Hehir, Michael"]
[Black "Moinzai, Khushal"]
[Result "0-1"]
[BlackTitle "FM"]
[WhiteElo "2009"]
[BlackElo "1894"]
[WhiteFideId "2047411"]
[BlackFideId "11701200"]
[EventDate "2025.05.27"]

1. d4 Nf6 2. c4 e6 3. Nf3 Bb4+ 4. Bd2 Be7 5. Nc3 d5 6. g3 O-O 7. Bg2 c6 8. b3
Nbd7 9. O-O dxc4 10. bxc4 c5 11. d5 Nb6 12. Qb3 exd5 13. Nxd5 Nfxd5 14. cxd5
Qxd5 15. Nd4 Qxb3 16. Nxb3 c4 17. Na5 Rd8 18. Bf4 Nd5 19. Nxc4 Nxf4 20. gxf4 Bg4
21. Bxb7 Rab8 22. Rab1 Bxe2 23. Rfc1 Bd3 24. Rb3 Rd7 25. Bc6 Rxb3 26. axb3 Rc7
27. Ne5 Be4 28. Rc4 Bf5 29. Bd5 Rxc4 30. bxc4 Kf8 31. Nxf7 a5 32. Ne5 a4 33. Nc6
a3 34. Nxe7 a2 35. Nxf5 a1=Q+ 36. Kg2 Qf6 37. Be4 g6 0-1

[Event "Titled Tue 27th May Early"]
[Site "chess.com INT"]
[Date "2025.05.27"]
[Round "4"]
[White "Guerra Tulcan, Lenin"]
[Black "Shuvalova, Polina"]
[Result "0-1"]
[WhiteTitle "IM"]
[BlackTitle "IM"]
[WhiteElo "2310"]
[BlackElo "2494"]
[WhiteFideId "3601382"]
[BlackFideId "24171760"]
[EventDate "2025.05.27"]

1. e4 c6 2. Nf3 d5 3. exd5 cxd5 4. Ne5 Nc6 5. Bb5 Bd7 6. Bxc6 bxc6 7. O-O Nf6 8.
b3 e6 9. Bb2 Bd6 10. d3 Qc7 11. Re1 O-O 12. Nd2 c5 13. d4 Rac8 14. c4 Rfd8 15.
dxc5 Bxc5 16. Nxd7 Nxd7 17. cxd5 Nf8 18. Qg4 Ng6 19. Ne4 Rxd5 20. Nxc5 Rxc5 21.
Qg3 Qxg3 22. hxg3 Rc2 23. Bd4 a6 24. b4 R8c4 25. Bc5 h5 26. Red1 h4 27. gxh4
Nxh4 28. g3 Nf3+ 29. Kg2 Nd2 30. a4 Nb3 31. Be3 Nxa1 32. Rxa1 Rxb4 33. a5 Rb5
34. Bb6 e5 35. Rd1 Ra2 36. Rd8+ Kh7 37. Rd7 f6 38. Bd8 Kg8 39. Kh3 Rxf2 40. Ra7
Rd2 41. Bb6 Rd6 42. Rxa6 Kh7 43. Kg4 Kg6 44. Kf3 Rb3+ 45. Kg2 Rd2+ 46. Kh3 Rdd3
47. Bf2 Rf3 48. Rb6 Rxb6 49. Bxb6 Ra3 50. Kg4 Ra4+ 51. Kf3 Kf5 52. Bd8 Ra3+ 53.
Kf2 Kg4 54. Be7 Rxa5 55. Bf8 Ra2+ 0-1

[Event "Titled Tue 27th May Early"]
[Site "chess.com INT"]
[Date "2025.05.27"]
[Round "4"]
[White "Ristic, Nebojsa M"]
[Black "Shukhman, Anna"]
[Result "1-0"]
[WhiteTitle "IM"]
[BlackTitle "WGM"]
[WhiteElo "2248"]
[BlackElo "2413"]
[WhiteFideId "900850"]
[BlackFideId "54180058"]
[EventDate "2025.05.27"]

1. b3 e5 2. Bb2 Nc6 3. e3 Nf6 4. c4 d5 5. cxd5 Nxd5 6. a3 a6 7. Qc2 Be6 8. Nf3
Bd6 9. Nc3 Nxc3 10. Bxc3 f5 11. Qb2 Qf6 12. d4 exd4 13. Nxd4 Be5 14. Rc1 Bxd4
15. exd4 Bd5 16. Bc4 O-O-O 17. O-O f4 18. f3 Rhe8 19. Bd3 Re3 20. Rfd1 Qg5 21.
b4 Bxf3 22. Rd2 Bd5 23. b5 axb5 24. Bxb5 f3 25. Rf2 fxg2 26. Bd2 Rde8 27. Bxe3
Qxe3 28. Qd2 Qxa3 29. Re1 Rd8 30. Bxc6 Bxc6 31. Rf7 Qh3 32. Qf4 Bd7 33. Rc1 c6
34. Ra1 b5 35. Ra8+ Kb7 36. Rxd8 Qd3 37. Rdxd7+ Kb6 38. Qc7+ Ka6 39. Qa7# 1-0

[Event "Titled Tue 27th May Early"]
[Site "chess.com INT"]
[Date "2025.05.27"]
[Round "4"]
[White "Jumabayev, Rinat"]
[Black "Stamatiou, Rodolfos"]
[Result "1-0"]
[WhiteTitle "GM"]
[BlackTitle "FM"]
[WhiteElo "2551"]
[BlackElo "2269"]
[WhiteFideId "13702661"]
[BlackFideId "25826530"]
[EventDate "2025.05.27"]

1. d4 Nf6 2. c3 d5 3. Bf4 c5 4. e3 Nc6 5. Bd3 Qb6 6. Qc1 Bg4 7. Nd2 Rc8 8. Ngf3
e6 9. O-O Be7 10. Qb1 Bh5 11. Ne5 Nxe5 12. Bxe5 Bg6 13. Bxg6 hxg6 14. h3 Bd6 15.
a4 g5 16. a5 Qc7 17. f4 g4 18. hxg4 Nxg4 19. Qe1 f6 20. Bxd6 Qxd6 21. Qg3 f5 22.
Nf3 Qf8 23. Ng5 Ke7 24. Rfe1 Qf6 25. Kf1 cxd4 26. exd4 Rh1+ 27. Ke2 Rxe1+ 28.
Rxe1 Qh6 29. Kd2 Rc6 30. Kc2 Kd7 31. Qf3 Nf6 32. Qe2 Ne4 33. Nf3 Qxf4 34. Ne5+
Kd6 35. Nxc6 Kxc6 36. a6 b5 37. Ra1 Kb6 38. b4 g5 39. Ra5 Nd6 40. Qxe6 Qf2+ 41.
Kb3 Qf4 42. Qxd5 g4 43. Qc5# 1-0

[Event "Titled Tue 27th May Early"]
[Site "chess.com INT"]
[Date "2025.05.27"]
[Round "4"]
[White "Xie, Timothy"]
[Black "Bonaveri, Agustin"]
[Result "1-0"]
[BlackTitle "FM"]
[WhiteElo "2006"]
[BlackElo "2367"]
[WhiteFideId "30943264"]
[BlackFideId "104027"]
[EventDate "2025.05.27"]

1. d4 e6 2. Bf4 f5 3. e3 Nf6 4. c4 d5 5. Nc3 c6 6. Nf3 Bd6 7. Bg3 O-O 8. Be2 Ne4
9. Nxe4 fxe4 10. Ne5 Qe7 11. O-O Nd7 12. Nxd7 Bxd7 13. Bxd6 Qxd6 14. f4 exf3 15.
Bxf3 dxc4 16. Qc2 b5 17. a4 a6 18. Be4 h6 19. axb5 axb5 20. Rxa8 Rxa8 21. Qf2
Be8 22. Qf3 Ra7 23. Qg4 Rf7 24. Ra1 e5 25. Ra8 Rf8 26. Bc2 Qf6 27. Qe2 exd4 28.
exd4 Qxd4+ 29. Kh1 Qe4 30. Bxe4 Bd7 31. Rxf8+ Kxf8 32. Qf3+ Ke7 33. Bxc6 Be6 34.
Bd5 Kd6 35. Bxe6 Kxe6 36. Qc6+ Kf7 37. Qxb5 Kg6 38. Qxc4 Kh7 39. b4 1-0

[Event "Titled Tue 27th May Early"]
[Site "chess.com INT"]
[Date "2025.05.27"]
[Round "4"]
[White "Matskevich, Varvara"]
[Black "Manon-og, Ramon Jr."]
[Result "1-0"]
[WhiteTitle "WFM"]
[WhiteElo "1988"]
[BlackElo "1913"]
[WhiteFideId "13523465"]
[BlackFideId "5200776"]
[EventDate "2025.05.27"]

1. d4 Nf6 2. c4 g6 3. Nc3 d5 4. Nf3 Bg7 5. e3 O-O 6. Be2 c5 7. O-O cxd4 8. Nxd4
Nc6 9. cxd5 Nxd4 10. Qxd4 b6 11. Bf3 Bb7 12. Qd1 Rc8 13. e4 Qc7 14. Be3 Rfd8 15.
Rc1 Qe5 16. Qd2 Qb8 17. Bf4 Qa8 18. Nb5 Ba6 19. Nc7 Rxc7 20. Bxc7 Rd7 21. Rfe1
e6 22. d6 e5 23. b4 Ne8 24. Bg4 Bb5 25. Bxd7 Bxd7 26. f3 h5 27. Red1 h4 28. Qd5
Qc8 29. Bxb6 Qa6 30. Ba5 h3 31. Qd3 Bb5 32. d7 Bxd3 33. dxe8=Q+ Kh7 34. Qc6 Bh6
35. Qxa6 Bxa6 36. Rc3 Be2 37. Re1 Bb5 38. Rc5 Ba4 39. gxh3 Bd2 40. Re2 Bf4 41.
Kg2 f5 42. exf5 gxf5 43. Bc7 Bd1 44. Bxe5 Bxe2 45. Bxf4 a6 46. Rxf5 Kg6 47. Re5
Bc4 48. a4 Kf6 49. b5 axb5 50. axb5 Kf7 51. b6 Ba6 52. Bg5 Kg6 53. Re7 Kxg5 54.
b7 Bxb7 55. Rxb7 Kf4 56. h4 Kf5 57. h5 Kg5 58. Rb5+ Kh4 59. f4 Kg4 60. h6 Kxf4
61. h7 Kg4 62. h8=Q Kf4 63. Qf6+ Kg4 64. Rg5+ Kh4 65. Qh6# 1-0

[Event "Titled Tue 27th May Early"]
[Site "chess.com INT"]
[Date "2025.05.27"]
[Round "4"]
[White "Omariev, Maksim"]
[Black "Rothuis, Vincent"]
[Result "0-1"]
[WhiteTitle "FM"]
[BlackTitle "IM"]
[WhiteElo "2304"]
[BlackElo "2346"]
[WhiteFideId "4193423"]
[BlackFideId "1011936"]
[EventDate "2025.05.27"]

1. b3 a5 2. Bb2 d5 3. c4 d4 4. Nf3 Nc6 5. e3 e5 6. exd4 e4 7. Qe2 Qe7 8. Ne5 Nb4
9. Qxe4 f6 10. a3 Nc6 11. Bd3 fxe5 12. dxe5 Nh6 13. Qf4 g5 14. Qe3 Ng4 15. Qe2
Bg7 16. Be4 Ncxe5 17. h3 Nd3+ 18. Qxd3 Bxb2 19. Ra2 Bf5 20. f3 Ne5 21. Qe2 Bxe4
22. Qxe4 O-O-O 23. O-O Bd4+ 24. Kh1 Rhf8 25. Re1 Rf4 26. Qe2 Qd7 27. b4 Nxf3 28.
Rf1 Re8 29. Qd1 g4 30. Nc3 Bxc3 31. dxc3 Qxd1 32. Rxd1 Ng5 33. hxg4 Rxg4 34. c5
Ne4 35. Re2 Ng3+ 36. Kh2 Nxe2 37. Kh3 Rg3+ 38. Kh4 Rxc3 39. bxa5 Rxc5 40. a6
Re4+ 41. Kh3 Rh5# 0-1

[Event "Titled Tue 27th May Early"]
[Site "chess.com INT"]
[Date "2025.05.27"]
[Round "4"]
[White "Goldin, Roman"]
[Black "Wankhade Sanskruti"]
[Result "0-1"]
[WhiteTitle "FM"]
[BlackTitle "WCM"]
[WhiteElo "2296"]
[BlackElo "1869"]
[WhiteFideId "2803860"]
[BlackFideId "25063561"]
[EventDate "2025.05.27"]

1. Nf3 d5 2. e3 Nf6 3. b4 g6 4. Bb2 Bg7 5. c4 O-O 6. cxd5 Nxd5 7. Bxg7 Kxg7 8.
Qc2 Nc6 9. Qb2+ Nf6 10. d4 Bg4 11. Nbd2 e6 12. h3 Bxf3 13. Nxf3 Qd5 14. Bd3 a5
15. b5 Nb4 16. Be2 Qe4 17. O-O Qc2 18. Qxc2 Nxc2 19. Rac1 Nb4 20. Rxc7 Rab8 21.
a3 Nbd5 22. Rc2 Ne4 23. Rfc1 Rfd8 24. Bd3 Nd6 25. g3 Nb6 26. Ne5 Rbc8 27. Rc5
Rxc5 28. dxc5 f6 29. Nf3 Nf7 30. Be4 Nd5 31. Nd4 Ng5 32. Bg2 e5 33. Nb3 Nc7 34.
a4 Rb8 35. b6 Nce6 36. Nxa5 Nd8 37. Rd1 Kf7 38. Rd7+ Ke6 39. Rc7 e4 40. h4 Nf3+
41. Bxf3 exf3 42. Rxh7 Nc6 43. Nxc6 bxc6 44. Rc7 Kf5 45. a5 Rd8 46. b7 Kg4 47.
Kh2 Rd2 48. b8=Q Rxf2+ 49. Kg1 Rg2+ 50. Kf1 Kxg3 51. Qc8 Rf2+ 52. Ke1 Re2+ 53.
Kd1 Rxe3 0-1

[Event "Titled Tue 27th May Early"]
[Site "chess.com INT"]
[Date "2025.05.27"]
[Round "4"]
[White "Dragnev, Valentin"]
[Black "Pribelszky, Bence"]
[Result "1-0"]
[WhiteTitle "GM"]
[BlackTitle "IM"]
[WhiteElo "2540"]
[BlackElo "2400"]
[WhiteFideId "1634852"]
[BlackFideId "769738"]
[EventDate "2025.05.27"]

1. e4 c5 2. Nf3 Nf6 3. Nc3 d6 4. d4 cxd4 5. Qxd4 Nc6 6. Qd3 g6 7. Nd5 Bg7 8. Bg5
Nxd5 9. exd5 Ne5 10. Nxe5 Bxe5 11. c3 O-O 12. Be2 Bf5 13. Qd2 Qd7 14. h4 h5 15.
O-O Rfe8 16. Rae1 b5 17. Bd3 a5 18. Re2 b4 19. c4 Rab8 20. Rfe1 a4 21. c5 a3 22.
c6 Qc7 23. Bxf5 gxf5 24. Qd3 axb2 25. Qxf5 Qc8 26. Qd3 Ra8 27. Bh6 Qg4 28. Re4
Qg6 29. Bg5 Rxa2 30. Qe2 Ra1 31. Rxb4 Rxe1+ 32. Qxe1 Bc3 33. Qxc3 b1=Q+ 34. Rxb1
Qxb1+ 35. Kh2 Qf5 36. c7 Qe5+ 37. Qxe5 dxe5 38. Bxe7 Rc8 39. d6 Kg7 40. d7 f5
41. dxc8=Q 1-0

[Event "Titled Tue 27th May Early"]
[Site "chess.com INT"]
[Date "2025.05.27"]
[Round "4"]
[White "Andreev, Konstantin"]
[Black "Goryachkina, Aleksandra"]
[Result "1/2-1/2"]
[WhiteTitle "FM"]
[BlackTitle "GM"]
[WhiteElo "2208"]
[BlackElo "2544"]
[WhiteFideId "24239305"]
[BlackFideId "4147103"]
[EventDate "2025.05.27"]

1. e4 c6 2. d4 d5 3. e5 Bf5 4. Nf3 e6 5. Be2 Ne7 6. O-O c5 7. a4 Nec6 8. c3 Nd7
9. Bf4 Be7 10. Nbd2 h6 11. h3 Rc8 12. Re1 O-O 13. dxc5 Nxc5 14. Nb3 Nxb3 15.
Qxb3 Na5 16. Qd1 Nc4 17. b3 Na5 18. Nd4 Bh7 19. Qd2 Bc5 20. Bd1 Bxd4 21. cxd4
Qb6 22. Re3 Nc6 23. Rg3 Qxd4 24. Bxh6 Qxd2 25. Bxd2 Nxe5 26. Bc3 f6 27. Be2 Rfd8
28. Bd4 a6 29. f4 Nd7 30. Bg4 Kf7 31. Re1 Bf5 32. Bxf5 exf5 33. Rge3 Re8 34.
Rxe8 Rxe8 35. Rxe8 Kxe8 36. Kf2 Kf7 37. Ke3 Nb8 38. Bc5 Nc6 39. Kd3 Ke6 40. Ke3
b5 41. axb5 axb5 42. Kd3 Na5 43. Kc3 Nc6 44. Kd3 g6 45. g3 Kf7 46. Kc3 g5 47.
Kd3 Kg6 48. Bd4 Kf7 49. Bc5 Kg6 50. Bd4 Nd8 51. Be3 Nc6 52. Bd4 1/2-1/2

[Event "Titled Tue 27th May Early"]
[Site "chess.com INT"]
[Date "2025.05.27"]
[Round "4"]
[White "Aronian, Levon"]
[Black "Caprio, Guido"]
[Result "1-0"]
[WhiteTitle "GM"]
[BlackTitle "IM"]
[WhiteElo "2747"]
[BlackElo "2435"]
[WhiteFideId "13300474"]
[BlackFideId "834580"]
[EventDate "2025.05.27"]

1. d4 Nf6 2. Nf3 e6 3. e3 b6 4. Bd3 Bb7 5. O-O d5 6. b3 Bd6 7. Bb2 O-O 8. Nbd2
Nbd7 9. Ne5 c5 10. f4 cxd4 11. Bxd4 Nc5 12. Ng4 Nfe4 13. Bxe4 dxe4 14. Nc4 Be7
15. Nh6+ Kh8 16. Ne5 Qe8 17. Qh5 f6 18. Nef7+ Rxf7 19. Qxf7 Qxf7 20. Nxf7+ Kg8
21. Ne5 fxe5 22. Bxe5 Kf7 23. Rad1 Bc6 24. g4 Nd7 25. Bd4 Nf6 26. g5 Nd5 27. c3
g6 28. h4 Rc8 29. Kf2 Bb7 30. Rh1 b5 31. h5 Bf8 32. hxg6+ Kxg6 33. Rh4 Nxc3 34.
Rdh1 Nd5 35. Rxh7 e5 36. Bxe5 Rc2+ 37. Kg3 Nxe3 38. Rxb7 Nf5+ 39. Kh3 e3 40.
Rxa7 e2 41. Ra6+ Kh5 42. Rf6 1-0

[Event "Titled Tue 27th May Early"]
[Site "chess.com INT"]
[Date "2025.05.27"]
[Round "4"]
[White "Burmakin, Evgeniy"]
[Black "King, Alexander"]
[Result "1-0"]
[WhiteTitle "FM"]
[BlackTitle "FM"]
[WhiteElo "2110"]
[BlackElo "2263"]
[WhiteFideId "4163729"]
[BlackFideId "2063620"]
[EventDate "2025.05.27"]

1. e4 e6 2. d4 d5 3. Nd2 c5 4. Ngf3 Nc6 5. exd5 exd5 6. Bb5 Qe7+ 7. Qe2 Qxe2+ 8.
Bxe2 Bf5 9. c3 cxd4 10. Nxd4 Nxd4 11. cxd4 h5 12. Bf3 Nf6 13. O-O Bd6 14. Re1+
Kd7 15. Nf1 Be4 16. Bd1 Rhe8 17. Ba4+ Kc7 18. Bxe8 Nxe8 19. f3 Bf5 20. Be3 Kd7
21. Bf2 Nc7 22. Bg3 Nb5 23. Bxd6 Kxd6 24. Rad1 Rc8 25. a4 Nc7 26. Ne3 Be6 27.
Rc1 g6 28. Rc3 Re8 29. b4 Re7 30. b5 Ne8 31. Kf2 Bd7 32. Rc5 Nf6 33. Rec1 Be6
34. a5 Re8 35. Rc7 Rb8 36. a6 Bd7 37. Rxb7 Rf8 38. Rcc7 Rd8 39. b6 axb6 40. a7
Bc6 41. Rxc6+ Kxc6 42. Rb8 1-0

[Event "Titled Tue 27th May Early"]
[Site "chess.com INT"]
[Date "2025.05.27"]
[Round "4"]
[White "Emeliantsev, Anatoliy"]
[Black "Kalyani Sirin"]
[Result "1-0"]
[WhiteTitle "FM"]
[BlackTitle "WFM"]
[WhiteElo "2359"]
[BlackElo "2136"]
[WhiteFideId "4160681"]
[BlackFideId "33323500"]
[EventDate "2025.05.27"]

1. d4 Nf6 2. c4 g6 3. Nc3 d5 4. cxd5 Nxd5 5. e4 Nxc3 6. bxc3 Bg7 7. Nf3 c5 8.
Rb1 Qa5 9. Rb5 Qxc3+ 10. Bd2 Qa3 11. Rxc5 O-O 12. Ra5 Qd6 13. e5 Qd8 14. Bc4 Nc6
15. Rd5 Qc7 16. Bb3 Be6 17. Rc5 Bxb3 18. Qxb3 b6 19. Rc2 Qd7 20. Be3 Rac8 21.
O-O Na5 22. Qd3 Rxc2 23. Qxc2 Rc8 24. Qe4 e6 25. h4 h5 26. Bg5 Qc6 27. Qf4 Qd5
28. Bh6 Qd8 29. Bxg7 Kxg7 30. Ng5 Qe7 31. Rd1 Rd8 32. Rc1 Rd5 33. Rc3 Rd7 34. g4
hxg4 35. Rg3 1-0

[Event "Titled Tue 27th May Early"]
[Site "chess.com INT"]
[Date "2025.05.27"]
[Round "4"]
[White "Atakhan, Abtin"]
[Black "Sjugirov, Sanan"]
[Result "0-1"]
[WhiteTitle "IM"]
[BlackTitle "GM"]
[WhiteElo "2410"]
[BlackElo "2638"]
[WhiteFideId "22502203"]
[BlackFideId "4189302"]
[EventDate "2025.05.27"]

1. c4 c5 2. Nf3 g6 3. d4 cxd4 4. Nxd4 Nc6 5. e4 Nf6 6. Nc3 Nxd4 7. Qxd4 d6 8.
Be2 Bg7 9. Be3 O-O 10. Qd2 a5 11. O-O a4 12. Rad1 Qa5 13. Bd4 Be6 14. Qe3 Nd7
15. Bxg7 Kxg7 16. Qd4+ Qe5 17. Qd2 Qc5 18. Nd5 Bxd5 19. exd5 Nf6 20. Bd3 Rfc8
21. Qf4 Rc7 22. Rfe1 Qb4 23. Re2 Nxd5 24. Qd4+ Nf6 25. a3 Qc5 26. Qxc5 dxc5 27.
Bc2 Ne8 28. Re5 Nd6 29. Bd3 Ra6 30. Be2 Rb6 31. Rd2 Rb3 32. Kf1 Kf8 33. Ke1 Rb6
34. g4 Ra6 35. Kd1 b6 36. Kc2 Raa7 37. Kc3 Rd7 38. f4 h6 39. Bf3 Rd8 40. Bc6 Rc8
41. Bf3 Kg7 42. Rde2 Rcc7 43. Rd5 b5 44. Ree5 Nxc4 45. Re1 Nd6 46. Ree5 b4+ 47.
axb4 cxb4+ 48. Kxb4 Rab7+ 49. Kxa4 Rxb2 50. Re2 Rc4+ 51. Ka3 0-1

[Event "Titled Tue 27th May Early"]
[Site "chess.com INT"]
[Date "2025.05.27"]
[Round "4"]
[White "Neagu, Roberto Florin"]
[Black "Ochedzan, Filip"]
[Result "0-1"]
[WhiteTitle "FM"]
[BlackTitle "CM"]
[WhiteElo "2190"]
[BlackElo "2130"]
[WhiteFideId "54588898"]
[BlackFideId "21892610"]
[EventDate "2025.05.27"]

1. a4 e5 2. Ra3 Bxa3 3. Nxa3 Nf6 4. b3 O-O 5. Bb2 d6 6. Qa1 Re8 7. e3 c6 8. Be2
Bf5 9. d3 Nbd7 10. Nf3 Qc7 11. O-O d5 12. h3 Rad8 13. Rd1 a6 14. d4 e4 15. Nh2
Nf8 16. c4 Qd7 17. b4 Ng6 18. b5 axb5 19. cxb5 Ra8 20. Nc2 Qc7 21. Bc3 Bd7 22.
Na3 Rxa4 23. Qb2 Rea8 24. bxc6 bxc6 25. Nc2 Ra2 26. Qc1 c5 27. Bf1 Ba4 28. Rd2
cxd4 29. Nxd4 Rxd2 30. Qxd2 Rc8 31. Bb2 Bd7 32. g4 h6 33. Be2 Ne5 34. Nf1 Nc4
35. Bxc4 Qxc4 36. Ng3 Rb8 37. Bc3 Qd3 38. Ba5 Rb1+ 39. Kg2 Qxd2 40. Bxd2 Ne8 41.
Ba5 Nd6 42. Bc7 Nc4 43. h4 Rb2 0-1

[Event "Titled Tue 27th May Early"]
[Site "chess.com INT"]
[Date "2025.05.27"]
[Round "4"]
[White "Mica, Marek"]
[Black "Aaradhya Das"]
[Result "1-0"]
[WhiteTitle "FM"]
[BlackTitle "WCM"]
[WhiteElo "2372"]
[BlackElo "1837"]
[WhiteFideId "382884"]
[BlackFideId "33361436"]
[EventDate "2025.05.27"]

1. Nf3 d5 2. g3 Nf6 3. Bg2 Bf5 4. O-O e6 5. c4 Be7 6. Qb3 b6 7. cxd5 exd5 8. d4
O-O 9. Nc3 c5 10. dxc5 bxc5 11. Bg5 Be6 12. Rfd1 Nbd7 13. Qc2 d4 14. Na4 Rc8 15.
Nd2 c4 16. Nf3 d3 17. exd3 Bf5 18. Qd2 Bxd3 19. Nc3 Nc5 20. Ne5 Qc7 21. Nc6 Bd8
22. Nxd8 Qxd8 23. Nd5 Ncd7 24. Nxf6+ Nxf6 25. Qc3 Nd5 26. Qe5 Nf6 27. Bf1 Nd7
28. Qe3 Qa5 29. Bxd3 cxd3 30. Rxd3 Ne5 31. Ra3 Qb5 32. Rb3 Qa5 33. Qd2 Nf3+ 34.
Rxf3 Qb6 35. Be3 Qb7 36. Rf4 Rc6 37. Rb4 Qc7 38. Rd4 Rc2 39. Rc1 Rxc1+ 40. Qxc1
Qxc1+ 41. Bxc1 1-0

[Event "Titled Tue 27th May Early"]
[Site "chess.com INT"]
[Date "2025.05.27"]
[Round "4"]
[White "Suyarov, Mukhammadzokhid"]
[Black "Dubnevych, Maksym"]
[Result "1-0"]
[WhiteTitle "IM"]
[BlackTitle "FM"]
[WhiteElo "2491"]
[BlackElo "2292"]
[WhiteFideId "14210495"]
[BlackFideId "14184001"]
[EventDate "2025.05.27"]

1. d4 d5 2. Nc3 Nf6 3. Bf4 c5 4. e3 cxd4 5. exd4 a6 6. Nf3 Bg4 7. Be2 Bxf3 8.
Bxf3 Nc6 9. O-O e6 10. Ne2 Bd6 11. c3 O-O 12. Re1 h6 13. a4 Re8 14. h3 Qc7 15.
Bxd6 Qxd6 16. Qd2 b5 17. b4 Nd7 18. axb5 axb5 19. Qf4 e5 20. dxe5 Ndxe5 21. Rad1
Nxf3+ 22. Qxf3 Rad8 23. Qd3 d4 24. Rf1 Qe7 25. Ng3 Ne5 26. Qxb5 dxc3 27. Rc1 Rc8
28. Rfe1 c2 29. Kh1 Qc7 30. f4 Nd7 31. Rf1 Nf6 32. Nf5 Red8 33. Qe5 Qc4 34. Ne7+
Kh8 35. Nxc8 Rxc8 36. b5 Ne4 37. f5 Nd2 38. b6 Nxf1 39. b7 Nd2 40. bxc8=Q+ Qxc8
41. Qe2 Nb3 42. Qxc2 1-0

[Event "Titled Tue 27th May Early"]
[Site "chess.com INT"]
[Date "2025.05.27"]
[Round "4"]
[White "Injac, Teodora"]
[Black "Yanev, Tihomir"]
[Result "0-1"]
[WhiteTitle "IM"]
[BlackTitle "IM"]
[WhiteElo "2474"]
[BlackElo "2354"]
[WhiteFideId "932400"]
[BlackFideId "2910110"]
[EventDate "2025.05.27"]

1. d4 Nf6 2. Bg5 d5 3. Nd2 h6 4. Bh4 Bf5 5. Bxf6 exf6 6. e3 c6 7. c4 dxc4 8.
Bxc4 Bd6 9. Ne2 O-O 10. O-O Nd7 11. Ng3 Bg6 12. f4 f5 13. Bd3 Re8 14. Nc4 Bc7
15. Bxf5 Bxf5 16. Nxf5 Qf6 17. Qg4 Nf8 18. Ne5 Kh7 19. Rf3 g6 20. Ng3 Re7 21.
Raf1 Qg7 22. f5 Bxe5 23. dxe5 Qxe5 24. fxg6+ fxg6 25. Rxf8 Qxe3+ 26. Kh1 Rxf8
27. Rxf8 Qc1+ 28. Rf1 Qxb2 29. Ne4 Qe5 30. Ng3 a5 31. h4 h5 32. Qf3 Qd4 33. Qf6
Qxf6 34. Rxf6 Kg7 35. Rd6 Kf7 36. Kh2 Rc7 37. Rd4 c5 38. Rf4+ Ke6 39. Ra4 b6 40.
Ne4 c4 41. Ng5+ Kd5 42. Ra3 c3 0-1

[Event "Titled Tue 27th May Early"]
[Site "chess.com INT"]
[Date "2025.05.27"]
[Round "4"]
[White "Tang, Andrew"]
[Black "Timofeev, Artyom"]
[Result "0-1"]
[WhiteTitle "GM"]
[BlackTitle "GM"]
[WhiteElo "2529"]
[BlackElo "2548"]
[WhiteFideId "2059630"]
[BlackFideId "4140419"]
[EventDate "2025.05.27"]

1. d4 e6 2. Bf4 Bd6 3. Bg3 f5 4. Nf3 Nf6 5. Nbd2 b6 6. e3 Bb7 7. Ne5 O-O 8. a4
Nc6 9. c3 Qe8 10. Be2 Be7 11. Nxc6 Bxc6 12. f3 Nd5 13. Bf2 Bg5 14. Nc4 f4 15. e4
Ne3 16. Bxe3 fxe3 17. O-O d5 18. exd5 Bxd5 19. Ne5 c5 20. Qd3 Rd8 21. g3 cxd4
22. cxd4 Ba8 23. f4 Be7 24. Qxe3 Rxd4 25. Nd3 Re4 26. Qf2 Qd8 27. Rfd1 Rd4 28.
Kf1 Qd5 29. Ne5 Bc5 30. Rxd4 Bxd4 31. Qf3 Bxe5 32. Qxd5 Bxd5 33. Rc1 Bd6 34. Ke1
a5 35. Bb5 h6 36. Ke2 Bc5 37. Rd1 g6 38. Rf1 Kg7 39. Bd3 h5 40. Rc1 Rd8 41. Bb5
Be4 42. Re1 Bf5 43. Rc1 Kf6 44. Rc3 Bb4 45. Rc7 Rd2+ 46. Ke3 Rxb2 47. Be8 Bc5+
48. Kf3 Rf2# 0-1

[Event "Titled Tue 27th May Early"]
[Site "chess.com INT"]
[Date "2025.05.27"]
[Round "4"]
[White "Dovgaliuk, Oleksandr"]
[Black "Karttunen, Mika"]
[Result "0-1"]
[BlackTitle "IM"]
[WhiteElo "2240"]
[BlackElo "2490"]
[WhiteFideId "14167247"]
[BlackFideId "502081"]
[EventDate "2025.05.27"]

1. e4 e6 2. d4 d5 3. Bd3 Be7 4. e5 b6 5. c3 a5 6. f4 Nh6 7. Nf3 Ba6 8. O-O Bxd3
9. Qxd3 c5 10. Be3 O-O 11. Nbd2 Nc6 12. a3 Nf5 13. g4 Nxe3 14. Qxe3 cxd4 15.
cxd4 Qd7 16. Rac1 f6 17. exf6 Bxf6 18. Rfe1 Rae8 19. g5 Bd8 20. Qc3 Ne7 21. Ne5
Qd6 22. Rf1 Nf5 23. Ndf3 b5 24. Qc6 b4 25. a4 b3 26. Rc5 Qe7 27. Rb5 Nd6 28. Rb6
Bxb6 29. Qxb6 Rxf4 30. Qxb3 Ne4 31. h4 Ref8 32. Qb5 Qa7 33. Nc6 Qc7 34. Nce5 Qc2
35. Qd7 Ng3 36. Qxe6+ Kh8 37. Rf2 Qc1+ 38. Kg2 Ne4 39. Qe7 Nxf2 40. g6 Qh1+ 41.
Kxf2 Rxf3+ 42. Nxf3 Qxf3+ 43. Ke1 Qe4+ 0-1

[Event "Titled Tue 27th May Early"]
[Site "chess.com INT"]
[Date "2025.05.27"]
[Round "4"]
[White "Gabrielian, Artur"]
[Black "Demchenko, Anton"]
[Result "1-0"]
[WhiteTitle "GM"]
[BlackTitle "GM"]
[WhiteElo "2419"]
[BlackElo "2619"]
[WhiteFideId "4131002"]
[BlackFideId "4160258"]
[EventDate "2025.05.27"]

1. Nf3 d6 2. g3 e5 3. d3 f5 4. Bg2 Nf6 5. c4 Be7 6. Nc3 O-O 7. O-O a5 8. c5 Nc6
9. cxd6 cxd6 10. Bg5 Be6 11. Rc1 Rc8 12. d4 Bf7 13. dxe5 dxe5 14. Qa4 e4 15.
Rfd1 Qb6 16. Be3 Qb4 17. Ng5 Qxa4 18. Nxa4 Bxa2 19. Nc5 Bxc5 20. Rxc5 Ng4 21.
Bf4 Bb3 22. Rd6 h6 23. Nh3 g5 24. f3 Nf6 25. Rxf5 exf3 26. Bxf3 Kg7 27. Bd2 Ne7
28. Rb5 Bd5 29. Bxd5 Nexd5 30. Rdxd5 Nxd5 31. Rxd5 b6 32. Bc3+ Kf7 33. Nf2 Rfd8
34. Rb5 Rc6 35. Nd3 Rcd6 36. Ne5+ Ke8 37. Nc4 Rd1+ 38. Kf2 R1d5 39. Rxb6 Rf5+
40. Kg2 Kf8 41. Nd6 Rd5 42. Ne4 Ke7 43. Rxh6 1-0